000
00295nam a22001337a 4500
008
181018b xxu||||| |||| 00| 0 eng d
020
_a
9780673388292
041
_a
eng
080
_2
6th
_a
510
100
_a
37
101
_a
MAT
245
_a
Mathematical Ideas
_c
Miller, Ch.D
942
_2
udc
_c
BK
999
_c
50130
_d
50130